Central Library OPAC University of Rajshahi

Essays on educational reformers / (Record no. 6094)

MARC details
000 -LEADER
fixed length control field 01298cam a2200325K 4500
001 - CONTROL NUMBER
control field 6094
003 - CONTROL NUMBER IDENTIFIER
rucl marc code BD-RjUL
005 - DATE AND TIME OF LATEST TRANSACTION
control field 20211208234202.0
008 - FIXED-LENGTH DATA ELEMENTS--GENERAL INFORMATION
fixed length control field 140109s1904 nyu | 001 0 eng d
035 ## - SYSTEM CONTROL NUMBER
System control number (OCoLC)ocn680003112
System control number (BD-RjUL) 6133
040 ## - CATALOGING SOURCE
Original cataloging agency OCLCE
Language of cataloging eng
Transcribing agency OCLCE
Modifying agency BD-RjUL
041 ## - LANGUAGE CODE
Language code of text/sound track or separate title eng
082 04 - DEWEY DECIMAL CLASSIFICATION NUMBER
Classification number 370.4
Author mark and year QUE 1904
100 1# - MAIN ENTRY--PERSONAL NAME
Personal name Quick, Robert Hebert,
Dates associated with a name 1831-1891.
9 (RLIN) 19183
245 10 - TITLE STATEMENT
Title Essays on educational reformers /
Statement of responsibility, etc. by Robert Hebert Quick.
250 ## - EDITION STATEMENT
Edition statement Only authorized ed. of the work as rewritten in 1890.
260 ## - PUBLICATION, DISTRIBUTION, ETC. (IMPRINT)
Place of publication, distribution, etc. New York;
-- london:
Name of publisher, distributor, etc. Longmans,green & com.
Date of publication, distribution, etc. 1904.
300 ## - PHYSICAL DESCRIPTION
Pagination xxviii, 570 p.;
Size 17 cm.
490 0# - SERIES STATEMENT
Series statement International education series,
Volume/sequential designation vol. 17
500 ## - GENERAL NOTE
General note Series title also at head of t.p.
504 ## - BIBLIOGRAPHY, ETC. NOTE
Bibliography, etc Includes index
506 ## - RESTRICTIONS ON ACCESS NOTE
Materials specified Use copy
Standardized terminology for access restriction Restrictions unspecified
Source of term star
Institution to which field applies MiAaHDL
650 #0 - SUBJECT ADDED ENTRY--TOPICAL TERM
Topical term or geographic name as entry element Education
General subdivision History.
9 (RLIN) 18113
Topical term or geographic name as entry element Educators.
9 (RLIN) 19184
776 08 - ADDITIONAL PHYSICAL FORM ENTRY
Relationship information Print version:
Main entry heading Quick, Robert Hebert, 1831-1891.
Title Essays on educational reformers.
Edition Only authorized ed. of the work as rewritten in 1890.
Place, publisher, and date of publication New York, D. Appleton, 1890
Record control number (DLC) 04003878
-- (OCoLC)1447349
856 40 - ELECTRONIC LOCATION AND ACCESS
Materials specified HathiTrust Digital Library
Uniform Resource Identifier <a href="http://catalog.hathitrust.org/api/volumes/oclc/1447349.html">http://catalog.hathitrust.org/api/volumes/oclc/1447349.html</a>
942 ## - ADDED ENTRY ELEMENTS (KOHA)
Source of classification or shelving scheme Dewey Decimal Classification
Koha item type Books
Holdings
Lost status Source of classification or shelving scheme Damaged status Not for loan Collection code Permanent Location Current Location Shelving location Date acquired Source of acquisition Cost, normal purchase price Total Checkouts Full call number Date last seen Copy number Koha item type
  Dewey Decimal Classification   Not For Loan Non-fiction Central Library, University of Rajshahi Central Library, University of Rajshahi   16/02/1963 A.I. Qurishi 0.00   370.4 QUE 1904 09/01/2014 C-1 Books